000 01122nam a2200337 c 4500
999 _c137982
_d137982
003 BLK
005 20200430091023.0
008 180409b bul|||||r ||||||| ||bul||
010 _aKNG00143961000
040 _aBLK
041 _aFRE
_cFRE
080 _aРелигиозна живопис
_b75.046
_x(44)
_z75.046(44)
100 1 _aFocillon, Henri
_eпърви автор
_910152
139 _aFocillon, Henri
_bF 71
_gФ 73 Х
245 1 0 _aPeintures Romanes des eglises de France
_cHenri Focillon.
257 _aFRA
260 _bFlammarion
_c1967
300 _a192 p.
_bill
_c21 cm
380 _a7
500 _aБиблиогр. с. 185-188. - Именен показалец.
650 4 _aЖивопис, религиозна
_9276521
650 4 _aЖивопис, френска
_9250990
651 4 _aФранция
_9179722
653 _aрелигиозна живопис
653 _aФранция
852 _aЦб 52976
856 4 _qpdf
856 4 _qpdf
942 _cKNG
_n0
_s1
944 _aCR
_c12.06.2013
_l12.06.2013 - от С1,Р / 12.06.2013
_kИрена_Линкова
944 _aED
_c12.06.2013
_l12.06.2013 - от С1,Р / 12.06.2013
999 _d137982